00565nam a2200133Ia 450000500170000000800410001702000150005808200230007310000120009624500680010826000400017630000230021650001920023920250319025521.0240331s9999 xx 000 0 und d a0415084601 a302.234bKUH23581 aKuhn, A 4aThe Power of the Image:bEssays on Representation and Sexuality aNew York;aLondon,bRoutledgec1985 avi, 146 p., (C II) aIn this challenging collection of essays Annette Kuhn analyses a wide range of films and still photographs, she explores and develops ideas on culturally dominant images and how they work